000 00723 a2200265 4500
003 0
005 20160609163529.0
008 110302t xxu||||| |||| 00| 0 eng d
020 _a 2 13 051038 8
040 _aBUAC
_bFre.
_cBUC
041 _aFre.
100 _aMontebello, Pierre
_915128
100 _lFr
_915129
245 _aNietzsche
_b: la volonté de puissance
_c /Pierre Montebello
260 _aParis
_bPresses Universitaire de France
_c2001
300 _a127 p.
300 _b18 cm
440 _a(Philosophies
_915131
440 _x0766-1398)
_915132
600 _aNietzsche
_915133
630 _aPHILOSOPHIE
_915134
650 _aPensée philosophique : puissance
_915135
942 _cLIVR
999 _c43361
_d43361